000
00323nam a2200133Ia 4500
005
20260328101452.0
008
260328s9999||||xx |||||||||||||| ||und||
100
_a
Wick, Rainer
245
0
_a
PedagogĂa de la Bauhaus /
_c
Rainer Wick
260
_b
Alianza
300
_a
317 p.
650
_a
ARQUITECTURA MODERNA
942
_c
BK
999
_c
8693
_d
8693